<?xml version="1.0" encoding="UTF-8"?>
<collection xmlns="http://www.loc.gov/MARC21/slim">
 <record>
  <leader>00809nam a2200193   4500</leader>
  <controlfield tag="001">1/18757</controlfield>
  <controlfield tag="008">020205s2001    gr            000 0 gre d</controlfield>
  <datafield tag="035" ind1=" " ind2=" ">
   <subfield code="l">19302</subfield>
  </datafield>
  <datafield tag="040" ind1=" " ind2=" ">
   <subfield code="a">GR-PeUP</subfield>
  </datafield>
  <datafield tag="082" ind1="0" ind2="0">
   <subfield code="a">657 ΑΛΗ</subfield>
  </datafield>
  <datafield tag="100" ind1="1" ind2=" ">
   <subfield code="a">Αληφαντής, Γεώργιος Στ.</subfield>
  </datafield>
  <datafield tag="245" ind1="1" ind2="0">
   <subfield code="a">Λογιστικές εργασίες τέλους χρήσεως /</subfield>
   <subfield code="c">Γεωργίου Στ.Αληφαντή.</subfield>
  </datafield>
  <datafield tag="250" ind1=" " ind2=" ">
   <subfield code="a">4η εκδ.</subfield>
  </datafield>
  <datafield tag="260" ind1=" " ind2=" ">
   <subfield code="a">Αθήνα :</subfield>
   <subfield code="b">Πάμισος,</subfield>
   <subfield code="c">2001</subfield>
  </datafield>
  <datafield tag="300" ind1=" " ind2=" ">
   <subfield code="a">485 σ.:</subfield>
   <subfield code="b">πιν.;</subfield>
   <subfield code="c">24 εκ.</subfield>
  </datafield>
  <datafield tag="650" ind1=" " ind2="4">
   <subfield code="a">Λογιστική.</subfield>
  </datafield>
  <datafield tag="852" ind1=" " ind2=" ">
   <subfield code="a">INST</subfield>
   <subfield code="b">UNIPILB</subfield>
   <subfield code="c">MAIN</subfield>
   <subfield code="e">20040709</subfield>
   <subfield code="h">657 ΑΛΗ</subfield>
   <subfield code="p">00137448</subfield>
   <subfield code="q">00137448</subfield>
   <subfield code="t">LOAN</subfield>
   <subfield code="y">0</subfield>
   <subfield code="4">2</subfield>
  </datafield>
  <datafield tag="852" ind1=" " ind2=" ">
   <subfield code="a">INST</subfield>
   <subfield code="b">UNIPILB</subfield>
   <subfield code="c">MAIN</subfield>
   <subfield code="e">20040709</subfield>
   <subfield code="h">657 ΑΛΗ</subfield>
   <subfield code="p">00137477</subfield>
   <subfield code="q">00137477</subfield>
   <subfield code="t">LOAN</subfield>
   <subfield code="y">0</subfield>
   <subfield code="4">1</subfield>
  </datafield>
  <datafield tag="852" ind1=" " ind2=" ">
   <subfield code="a">INST</subfield>
   <subfield code="b">UNIPILB</subfield>
   <subfield code="c">MAIN</subfield>
   <subfield code="e">20050221</subfield>
   <subfield code="h">657 ΑΛΗ</subfield>
   <subfield code="p">00146534</subfield>
   <subfield code="q">00146534</subfield>
   <subfield code="t">LOAN</subfield>
   <subfield code="y">0</subfield>
   <subfield code="4">1</subfield>
  </datafield>
 </record>
</collection>
